|
|
|
|
| LEADER |
00771nab a2200205 i 4500 |
| 001 |
acta63142 |
| 005 |
20251217132017.0 |
| 008 |
200124s2008 hu o 000 hun d |
| 022 |
|
|
|a 1586-0736
|
| 040 |
|
|
|a SZTE Egyetemi Kiadványok Repozitórium
|b hun
|
| 041 |
|
|
|a hun
|
| 100 |
1 |
|
|a Sarnyai Csaba Máté
|
| 245 |
1 |
0 |
|a Keresztény élők - pogány holtak
|h [elektronikus dokumentum] :
|b egy hiedelemlény metamorfózisai a szláv népek hitvilágában /
|c Sarnyai Csaba Máté
|
| 260 |
|
|
|c 2008
|
| 300 |
|
|
|a 205-216
|
| 490 |
0 |
|
|a Hungaro-Ruthenica
|v 4
|
| 650 |
|
4 |
|a Bölcsészettudományok
|
| 650 |
|
4 |
|a Történettudomány és régészet
|
| 695 |
|
|
|a Hitvilág - szláv népek
|
| 856 |
4 |
0 |
|u http://acta.bibl.u-szeged.hu/63142/1/hungaro_ruthenica_004_205-216.pdf
|z Dokumentum-elérés
|